000 00332nam a22001577a 4500
003 SGT
020 _a033398191-X
082 _a330.0954,MAN
100 _aMANKIW,G.N.
245 _aMACRO ECONOMICS
250 _a4TH
260 _aMACHILLAN
_bWORTH PUBLISHERS
_c1999
300 _a553
650 _a ECONOMICS
942 _2ddc
_cBK
999 _c11539
_d11539